Economics : Analysis, decision making, and policy

Na minha lista:
Detalhes bibliográficos
Formato: Livro
Idioma:Undetermined
Publicado em: Englewood Cliffs Prentice-Hall 1987
Assuntos:
Tags: Adicionar Tag
Sem tags, seja o primeiro a adicionar uma tag!
Thư viện lưu trữ: Trung tâm Học liệu Trường Đại học Cần Thơ
LEADER 00484nam a2200169Ia 4500
001 CTU_78780
008 210402s9999 xx 000 0 und d
082 |a 330.119 
082 |b E19 
245 0 |a Economics : 
245 0 |b Analysis, decision making, and policy 
245 0 |c George Leland Bach ... [et al.] 
260 |a Englewood Cliffs 
260 |b Prentice-Hall 
260 |c 1987 
650 |a Economic policy,Economics 
980 |a Trung tâm Học liệu Trường Đại học Cần Thơ